| 000 | 01033cam a2200301 a 4500 | ||
|---|---|---|---|
| 999 |
_c128881 _d128881 |
||
| 001 | 2845521 | ||
| 003 | ARRUPE | ||
| 005 | 20190131121509.0 | ||
| 008 | 841221s1984 enkaf 001 0 eng | ||
| 010 | _a 84116517 | ||
| 020 | _a0370308026 | ||
| 020 | _a0370308212 (pbk.) | ||
| 040 |
_aDLC _cDLC _dDLC |
||
| 043 | _ae-uk-en | ||
| 050 | 0 | 0 |
_aSPC. DA690.Y6 _bH18 1984 |
| 082 | 0 | 0 |
_a936.2/843 _219 |
| 100 | 1 |
_aHall, R. A. _q(Richard Andrew), _d1949-2011. _944326 |
|
| 245 | 1 | 4 |
_aThe Viking dig : _bthe excavations at York / _cRichard Hall. |
| 260 |
_aLondon : _bBodley Head, _c1984. |
||
| 300 |
_a158 p., [12] p. of plates : _bill. (some col.) ; _c26 cm. |
||
| 500 | _aIncludes index. | ||
| 650 | 0 |
_aExcavations (Archaeology) _zEngland _zYork. _944327 |
|
| 650 | 0 |
_aArchaeology, Medieval _zEngland _zYork. _944328 |
|
| 650 | 0 |
_aVikings _zEngland _zYork. _944329 |
|
| 651 | 0 |
_aYork (England) _xAntiquities. _944330 |
|
| 651 | 0 |
_aEngland _xCivilization _xScandinavian influences. _944331 |
|
| 906 |
_a7 _bcbc _corignew _d3 _encip _f19 _gy-gencatlg |
||
| 942 |
_2lcc _cSPC |
||